000 00339nam a2200133 a 4500
005 20140412111424.0
008 080205s19uu xx 00 eng d
020 _a1-84557-317-x
050 _aTR(GS 428.4
_bB61 2005
245 _aBlending Sounds.
260 _aNew Delhi :
_bNew Dawn Press,
_c2006.
440 _aPhonics
999 _c106161
_d106161